ODPM Circular 05/2005 (Record no. 104445)
[ view plain ]
| 000 -LEADER | |
|---|---|
| fixed length control field | 01737cam a2200241 4500 |
| 001 - CONTROL NUMBER | |
| control field | L130407 |
| 008 - FIXED-LENGTH DATA ELEMENTS--GENERAL INFORMATION | |
| fixed length control field | 050725n2005 000 0 eng u |
| 035 ## - SYSTEM CONTROL NUMBER | |
| System control number | (Sirsi) u130407 |
| 041 ## - LANGUAGE CODE | |
| Language code of text/sound track or separate title | eng |
| 110 ## - MAIN ENTRY--CORPORATE NAME | |
| Corporate name or jurisdiction name as entry element | Office of the Deputy Prime Minister |
| 9 (RLIN) | 4685 |
| 245 ## - TITLE STATEMENT | |
| Title | ODPM Circular 05/2005 |
| Remainder of title | planning obligations |
| 260 ## - PUBLICATION, DISTRIBUTION, ETC. | |
| Place of publication, distribution, etc. | London |
| Name of publisher, distributor, etc. | ODPM |
| Date of publication, distribution, etc. | 2005 |
| 300 ## - PHYSICAL DESCRIPTION | |
| Extent | 20p |
| 490 ## - SERIES STATEMENT | |
| Series statement | ODPM Circular |
| 520 ## - SUMMARY, ETC. | |
| Summary, etc. | Provides revised guidance to local authorities in England on the use of planning obligations under the Town and Country Planning Act 1990 s106 as substituted by the Planning and Compensation Act 1991. It does not concern the powers given to the SoS to make regulations to replace s106 in the Planning and Compulsory Purchase Act 2004 ss46-47. It replaces and cancels DoE Circular 1/97. The changes in this Circular concern only the negotiation of planning obligations and do not introduce an optional planning charge as proposed in the November 2003 consultation paper " Contributing to sustainable communities: a new approach to planning obligations". Annex A sets out the statutory framework for planning obligations including arrangements for the discharge or modification of planning obligations. Annex B explains the policies of SoS and provides guidance on the use of planning obligations. |
| 590 ## - LOCAL NOTE (RLIN) | |
| Local note | IKA020805 |
| 650 ## - SUBJECT ADDED ENTRY--TOPICAL TERM | |
| Topical term or geographic name entry element | TOWN AND COUNTRY PLANNING ACT 1990 S106 |
| 650 ## - SUBJECT ADDED ENTRY--TOPICAL TERM | |
| Topical term or geographic name entry element | PLANNING AND COMPULSORY PURCHASE ACT 2004 S46 |
| 650 ## - SUBJECT ADDED ENTRY--TOPICAL TERM | |
| Topical term or geographic name entry element | PLANNING AND COMPULSORY PURCHASE ACT 2004 S47 |
| 690 ## - LOCAL SUBJECT ADDED ENTRY--TOPICAL TERM (OCLC, RLIN) | |
| Topical term or geographic name as entry element | ENVIRONMENTAL AND LAND CONSULTANCY-PLANNING AND DEVELOPMENT-PLANNING REFORM |
| 856 ## - ELECTRONIC LOCATION AND ACCESS | |
| Uniform Resource Identifier | <a href="https://www.communities.gov.uk/index.asp?id=1500145">https://www.communities.gov.uk/index.asp?id=1500145</a> |
| Public note | View the Circular free of charge at www.dclg.gov.uk... |
| 942 ## - ADDED ENTRY ELEMENTS (KOHA) | |
| Suppress in OPAC | 0 |
| Withdrawn status | Lost status | Source of classification or shelving scheme | Damaged status | Not for loan | Home library | Current library | Shelving location | Date acquired | Total Checkouts | Full call number | Barcode | Date last seen | Copy number | Price effective from | Koha item type |
|---|---|---|---|---|---|---|---|---|---|---|---|---|---|---|---|
| Dewey Decimal Classification | Virtual | Virtual | Online | 25/07/2005 | ONLINE PUBLICATION | 130407-2001 | 06/08/2019 | 1 | 06/08/2019 | Book |